| 000 | 00603nai a2200181Ia 4500 | ||
|---|---|---|---|
| 003 | IN-BaIIA | ||
| 008 | 211028c9999 xx s 000 0 eng d | ||
| 022 | _a1005-1031 (Print) | ||
| 022 | _a1993-0445 (Online) | ||
| 040 | _cIIA Library | ||
| 245 | 0 |
_aApplied Mathematics-A Journal of Chinese Universities _h[eJournal] |
|
| 260 |
_aHeidelber, Germany _bSpringer |
||
| 310 | _aQuarterly | ||
| 362 | _a12(1); 1997 - Present | ||
| 521 | _bSubscribed through National Knowledge Resource Consortium (NKRC) | ||
| 856 |
_uhttps://www.springer.com/journal/11766 _yClick Here to Access eJournal |
||
| 942 | _cEJ | ||
| 999 |
_c34019 _d34019 |
||